| 000 | 00404pab a2200157 454500 | ||
|---|---|---|---|
| 008 | 180718b2013 xxu||||| |||| 00| 0 eng d | ||
| 100 | _aStauton, Thomas H. | ||
| 245 | _aRisk management is essential at a time of downsizing | ||
| 260 | _c2013 | ||
| 300 | _ap.219-220. | ||
| 362 | _aMar-Apr | ||
| 650 | _aDisaster prevention | ||
| 773 | _aPublic Administration Review | ||
| 908 | _aN | ||
| 909 | _a99536 | ||
| 999 |
_c99535 _d99535 |
||